Kluby I ligi w sezonie 2020/21 - Statystyki

Ogólne statystyki
  • Ten quiz został rozwiązany 43 razy
  • Średni wynik to 13 z 18
Statystyki odpowiedzi
Hint Odpowiedź % Poprawnych
1 Łks Łódź
90%
3 Korona Kielce
85%
4 Radomiak Radom
85%
2 Arka Gdynia
82%
17 Widzew Łódź
82%
5 Sandecja Nowy Sącz
77%
7 Gks Bełchatów
74%
6 Miedź Legnica
74%
8 Bruk-Bet Termalica
72%
15 Gks Jastrzębie
69%
18 Resovia Rzeszów
69%
13 Zagłębie Sosnowiec
69%
16 Górnik Łęczna
67%
11 Odra Opole
67%
14 Gks Tychy
62%
12 Stomil Olsztyn
62%
9 Chrobry Głogów
56%
10 Puszcza Niepołomice
54%
Nie znaleziono quizów pasujących do podanych kryteriów
Rozkład punktacji
Procent ludzi z każdym wynikiem
Percentyl według liczby udzielonych odpowiedzi
Twoja historia wyników
Nie rozwiązałeś tego quizu